Taylor Swift - Chloe or Sam or Sophia or Marcus Lyrics - Statistics

General Stats
  • This quiz has been taken 275 times
  • The average score is 275 of 315
Answer Stats
Answer % Correct
so
99%
So
99%
you
99%
You
99%
Chloe
98%
I
98%
"I
98%
Marcus
98%
or
98%
Sam
98%
Sophia
98%
in
97%
it
97%
It
97%
some
97%
an
96%
And
96%
and
96%
Named
96%
my
95%
the
95%
we
95%
what
95%
Who
95%
Your
95%
your
95%
apart
94%
happen
94%
he
94%
heart
94%
If
94%
if
94%
into
94%
just
94%
Just
94%
loved
94%
me
94%
say
94%
Say
94%
somebody
94%
that
94%
watch
94%
way
94%
were"
94%
break
93%
cold
93%
watched
93%
of
92%
with
92%
apartment
90%
to
90%
wanna
90%
world
90%
always
89%
Could
89%
tear
89%
but
88%
like
88%
Like
88%
wonder
88%
wonder?
88%
would
87%
darkness
86%
stumbled
86%
Can
85%
hologram
85%
idea
85%
wondered
85%
you've
85%
school
84%
do
83%
new
83%
said
83%
bullied
82%
can't
82%
drugs
82%
more
82%
things
82%
you'll
82%
couldn't
81%
internet
81%
needed
81%
out
81%
sorts
81%
turned
81%
fools
80%
for
80%
Hands
79%
have
79%
would've
79%
changed
78%
Changed
78%
starlet
78%
be
77%
kids
77%
saw
77%
hair
76%
outfits
75%
sell
75%
un-absorb
74%
Will
74%
lovers
73%
never
73%
seemed
73%
bones
72%
eye
72%
All
71%
know
71%
many
71%
rules
71%
goddesses
70%
happened?
70%
Too
70%
As
69%
didn't
69%
horses?
69%
make
69%
maroon
69%
outrun
69%
plans
69%
scarlet
69%
us
69%
villains
69%
play
68%
this
68%
from
67%
wild
67%
decade
66%
desertion
66%
fade
66%
not
66%
wrecks
66%
by
65%
memory
65%
orbit?
65%
our
65%
youth
65%
enough
63%
theory
63%
watching
63%
back
61%
crashed
61%
float
61%
glint
60%
time
60%
force
59%
Cooler
58%
moment
58%
depths
56%
traced
56%
'Cause
55%
phantoms
55%
impaired
51%
sigh
50%
passage
49%
Down
44%
No matching quizzes found
Score Distribution
Percent of People with Each Score
Percentile by Number Answered
Your Score History
You have not taken this quiz